000
00231 a2200097 4500
001
39793
100
_a
Russell W F
245
_a
Parents Handbook of Grammar & Usage
260
_a
New York
_b
Stein and
_c
1982
090
_c
24800
_d
24800
942
_a
NUST-CAE
_c
M
_c
16448
999
_c
274866
_d
274866